1432 1379 1165 1500 1591 1763 1363 1468 1297 1421 1672 1846 1390 1375 1602 1045 1478 1947 1501 1098 1215 1232 1176 1787 1478 1817 1096 1137 1865 1030 1463 1501 1501 1584 1894 1094 1544 1688 1028 1194 1682 1657 1672 1265 1306 1003 1372 1711 1951 1876 1978 1955 1298 1242 1117 1833 1447 1577 1285 1656 1137 1360 1163 1382 1365 1959 1228 1865 1556 1853 1543 1471 1176 1109 1890 1051 1424 1536 1482 1701 1175 1190 1573 1930 1160 1801 1467 1694 1320 1103 1568 1236 1567 1580 1690 1897 1941 1269 1141 BCNSPRNW ULIB Ver.6.0+V

เปลี่ยนเป็นภาษาไทย

Change to English
 แสดงรายละเอียดบรรณานุกรม
  กลับหน้าหลัก

Brief Record : Get Marc (ISO 2709) : E-mail record : QR code < ปิดหน้าต่าง
LEADER : 00000nam 2200000uu 4500
001    13399121442
003     ULIB
008    110608s2546 th 000 j tha d
020    ^a9789749150948
040    ^acl
090    ^aรส.^bว583ฉ 2546
100 0  ^aวิทยากร เชียงกูล
245 10 ^aฉันจึงมาหาความหมาย /^cวิทยากร เชียงกูล
250    ^aพิมพ์ครั้งที่ 17
260    ^aกรุงเทพฯ :^bมูลนิธิสถาบันวิชาการ 14 ตุลา,^c2546
300    ^a155 หน้า ;^c21 ซม.
490 0  ^aหนังสือชุด''ตุลาวรรณกรรม''
500    ^aฉลองครบรอบ 30 ปี 14 ตุลา : 2516-2546 ร่วมวาระประวัติศาสตร์''''วัน 14 ตุลา ประชาธิปไตย''''
650  4 ^aเรื่องสั้น^zไทย
650  4 ^aเรื่องสั้น^xรวมเรื่อง
650  4 ^aกวีนิพนธ์ไทย
650  4 ^aกวีนิพนธ์ไทย^xรวมเรื่อง
710 2  ^aมูลนิธิสถาบันวิชาการ 14 ตุลา
945    ^p0^l0^i14350
995    ^aกัณชพร
999    ^aกัณชพร
รายการนี้ยังไม่มีแท็ก
คุณยังไม่ได้ล็อกอิน คุณสามารถมีกิจกรรมร่วมกับเว็บไซต์ได้ แต่ต้องล็อกอินก่อน ::
  ล็อกอิน

รายการสื่อสารสนเทศ

ลำดับที่ ประเภท เลขเรียก/บาร์โค้ด สถานที่ สถานะ
1. นวนิยาย
นวนิยาย
รส. ว583ฉ 2546  
  Barcode: 14350
ห้องสมุดวิทยาเขตสวรรค์ประชารักษ์
►นวนิยาย
บนชั้น
  ขอยืม

รายการใกล้เคียง
    ผู้แต่ง [วิทยากร เชียงกูล]

    หัวเรื่อง [เรื่องสั้น รวมเรื่อง]
    หัวเรื่อง [กวีนิพนธ์ไทย]

BibComment


ยังไม่เคยถูกคอมเมนท์

คอมเมนท์ทรัพยากรรายการนี้
  คอมเมนท์: ฉันจึงมาหาความหม..


 Copyright 2026. Bcnsprnw @Library